Employees' Social Security Act (SOCSO) and regulations with index (Act 4) : (Record no. 1936)

000 -LEADER
fixed length control field nam a22 a 4500
003 - CONTROL NUMBER IDENTIFIER
control field AKMAL
005 - DATE AND TIME OF LATEST TRANSACTION
control field 20170512130139.0
008 - FIXED-LENGTH DATA ELEMENTS--GENERAL INFORMATION
fixed length control field 170512s1995 my | e l 000 0 eng d
020 ## - INTERNATIONAL STANDARD BOOK NUMBER
International Standard Book Number 9677003399 (pbk.) :
Terms of availability RM 20.00
040 ## - CATALOGING SOURCE
Original cataloging agency AKMAL
Transcribing agency AKMAL
082 04 - DEWEY DECIMAL CLASSIFICATION NUMBER
Classification number 344.595023 EMP
Edition number 22
090 00 - LOCALLY ASSIGNED LC-TYPE CALL NUMBER (OCLC); LOCAL CALL NUMBER (RLIN)
Classification number (OCLC) (R) ; Classification number, CALL (RLIN) (NR) 344.595023
Local cutter number (OCLC) ; Book number/undivided call number, CALL (RLIN) EMP
110 1# - MAIN ENTRY--CORPORATE NAME
Corporate name or jurisdiction name as entry element Malaysia
9 (RLIN) 400
240 10 - UNIFORM TITLE
Uniform title Akta Keselamatan Sosial Pekerja 1969.
Language of a work English
245 10 - TITLE STATEMENT
Title Employees' Social Security Act (SOCSO) and regulations with index (Act 4) :
Remainder of title (all amendments up to July 1995) /
Statement of responsibility, etc. ompiled by: MDC Legal Advisors
260 ## - PUBLICATION, DISTRIBUTION, ETC.
Place of publication, distribution, etc. Kuala Lumpur :
Name of publisher, distributor, etc. MDC Publishers Printers,
Date of publication, distribution, etc. 1995
300 ## - PHYSICAL DESCRIPTION
Extent vi, 257p. ;
Dimensions 26cm.
490 1# - SERIES STATEMENT
Series statement Laws of Malaysia
650 10 - SUBJECT ADDED ENTRY--TOPICAL TERM
Topical term or geographic name entry element Social security
General subdivision Law and legislation
Geographic subdivision Malaysia
9 (RLIN) 4013
650 20 - SUBJECT ADDED ENTRY--TOPICAL TERM
Topical term or geographic name entry element Labor laws and legislation
Geographic subdivision Malaysia
9 (RLIN) 3695
650 20 - SUBJECT ADDED ENTRY--TOPICAL TERM
Topical term or geographic name entry element Workers' compensation
General subdivision Law and legislation
Geographic subdivision Malaysia
9 (RLIN) 4014
710 2# - ADDED ENTRY--CORPORATE NAME
Corporate name or jurisdiction name as entry element MDC Legal Advisers
9 (RLIN) 4015
830 #0 - SERIES ADDED ENTRY--UNIFORM TITLE
Uniform title Laws of Malaysia
9 (RLIN) 1830
942 ## - ADDED ENTRY ELEMENTS (KOHA)
Source of classification or shelving scheme
Koha item type Book
Holdings
Withdrawn status Lost status Source of classification or shelving scheme Damaged status Not for loan Collection code Home library Current library Shelving location Date acquired Inventory number Total Checkouts Full call number Barcode Date last seen Price effective from Koha item type Public note
          NON-FICTION AKMAL Melaka AKMAL Melaka PINJAMAN 12.05.2017 304488   344.595023 EMP 201705860 12.05.2017 12.05.2017 Book  
          NON-FICTION AKMAL Melaka AKMAL Melaka PINJAMAN 12.05.2017 002832   344.595012596 EMP 201707169 31.05.2017 12.05.2017 Book Dilupuskan.
Pusat Sumber Maklumat Dato' Haji Sarmin Md Hussin, Akademi Kastam Diraja Malaysia, Melaka
Tel: 06-2331106 | Faks: 06-2313787